Loading...
ഒരു വിരൽതുമ്പ്
| Main Author: | |
|---|---|
| Other Authors: | |
| Format: | Printed Book |
| Published: |
Kottayam:
DC,
2012
|
| Subjects: |
| LEADER | 00585nam a22001577a 4500 | ||
|---|---|---|---|
| 020 | |a 9788126435319 | ||
| 082 | |a M923.05 908 |b CHI/O | ||
| 100 | |a മാലിനി ചിബ് | ||
| 245 | |a ഒരു വിരൽതുമ്പ് | ||
| 260 | |a Kottayam: |b DC, |c 2012 | ||
| 300 | |a 198p. | ||
| 650 | |a Oru viralthumb |a Malini Chib- Biography |a Malayalam literature | ||
| 700 | |a Malini chimb | ||
| 942 | |c BK | ||
| 999 | |c 36595 |d 36595 | ||
| 952 | |0 0 |1 0 |4 0 |6 M_923_050000000000000_908_CHIO |7 0 |8 Stack |9 38765 |a KUCL |b KUCL |c Stack |d 2015-12-11 |l 2 |o M923.05 908 CHI/O |p 35246 |r 2019-09-03 |s 2019-08-07 |w 2015-12-11 |y BK | ||